Killing Eve quiz - Statistics

General Stats
  • This quiz has been taken 239 times
  • The average score is 6 of 15
Answer Stats
Episode Question Answer % Correct
I have a thing about bathrooms Who says 'You should never tell a psychopath they are a psychopath. It upsets them.' Villanelle
84%
Don't I know you? In which european city does Villanelle murder Bill on a dancefloor? Berlin
72%
________________ Villanelle claims that everyone else is 'beige', and she is a rainbow. What does she call Eve? (also the name of the episode.) A rainbow in beige boots
67%
Sorry Baby What is the name of the assassin Villanelle reunites with and subsequently betrays and kills in prison? Nadia
59%
________________ What is the name of the episode of Killing Eve set largely in prison? (don't forget the exclamation mark!) Take me to the hole!
57%
Hello, losers. Who seemingly gives the order of Villanelle's murder from london bridge? Carolyn
51%
Do you know how to dispose of a body? What is Eve mistaken for in a station when she is nervously stabbing herself with a pen? A drug addict
43%
Multiple What was the name of Villanelle's second handler? Raymond
42%
Multiple What is the name of the actor who plays Konstantin? Kim Bodnia
36%
Do you know how to dispose of a body? What is the name of the boy involved in a car crash whom Villlanelle kills in a Paris hospital? Gabriel
32%
Multiple Which famous french actress played Helene? Camille Cottin
29%
________________ What is the name of the episode of Killing Eve which features Villanelle's family? Are you from pinner?
27%
Slowly, slowly catchy monkey What was the name of Villanelle's wife? Maria
16%
Do you know how to dispose of a body? After stabbing Villanelle in Paris, Eve is so shaken that she has a deep phone conversation with who from a windows and blind company just for human contact? Armando
5%
Hello, losers. What was the name of the boat in the final scenes? Queen Dixie
2%
No matching quizzes found
Score Distribution
Percent of People with Each Score
Percentile by Number Answered
Your Score History
You have not taken this quiz